| 000 | 00769nam a2200217Ia 4500 | ||
|---|---|---|---|
| 003 | GCL | ||
| 008 | 140319s9999 xx 000 0 ara d | ||
| 040 |
_aGCL / _cGCL |
||
| 082 | 0 | 4 |
_a029 _bم ا |
| 100 | 1 | _aمحمد ابراهيم السيد | |
| 245 | 1 | 0 |
_aمقدمة فى تاريخ الارشيف ووحداته / _cمحمد ابراهيم السيد |
| 260 |
_a[S.N] : _bدار الثقافة للنشر والتوزيع ، _c1993 |
||
| 300 | _a217 ص | ||
| 490 |
_aسلسلة الارشيف والمعلومات _v0 |
||
| 650 | 0 | 4 | _aالوثائق |
| 650 | 0 | 4 | _aمراكز المعلومات |
| 650 | 0 | 4 | _aدار الكتب والوثائق المصرية |
| 650 | 0 | 4 | _aالمكتبات |
| 650 | 0 | 4 | _aالارشيف والمحفوظات |
| 942 |
_2ddc _cBK |
||
| 999 |
_c36345 _d36345 |
||